Loading...
| Fine Arts - Other | 1 | 0 | 0 | 0 | 15 | 20 | 20.00 | 1 | 1 | 5.78 | 6.67 |
| History - Other | 1 | 0 | 0 | 0 | 15 | 79 | 79.00 | 0 | 1 | 7.65 | 14.29 |
| History - European | 0 | 1 | 0 | 1 | 10 | 134 | 134.00 | 0 | 0 | 1.13 | 2.86 |
| Short Fiction and Other | 0 | 1 | 0 | 1 | 10 | 143 | 143.00 | 0 | 0 | 0.76 | 4.08 |
| Geography | 0 | 1 | 0 | 0 | 10 | 69 | 69.00 | 1 | 1 | 5.87 | 12.50 |
| Fine Arts - Classical Music | 0 | 1 | 0 | 1 | 10 | 156 | 156.00 | 0 | 0 | 0.06 | 1.43 |
| Other Academic | 0 | 1 | 0 | 0 | 10 | 129 | 129.00 | 0 | 1 | 1.46 | 7.14 |
| Science - Physics | 0 | 1 | 0 | 0 | 10 | 109 | 109.00 | 0 | 1 | 1.80 | 7.14 |
| Literature - Drama | 0 | 1 | 1 | 0 | 5 | 121 | 121.00 | 0 | 0 | 2.87 | 3.57 |